Planificación del ejercicio y control presupuestario (Registro nro. 1904)

Detalles MARC
000 -LEADER
fixed length control field 01374 a2200217 4500
001 - CONTROL NUMBER
control field 29597
005 - DATE AND TIME OF LATEST TRANSACTION
control field 20260407155606.0
008 - FIXED-LENGTH DATA ELEMENTS--GENERAL INFORMATION
fixed length control field 260407a1965 arg spa d
003 - CONTROL NUMBER IDENTIFIER
control field AR-UNSa-BCEJYS
040 ## - CATALOGING SOURCE
Original cataloging agency AR-UNSa-BCEJYS
Language of cataloging spa
Transcribing agency AR-UNSa-BCEJYS
080 ## - UNIVERSAL DECIMAL CLASSIFICATION NUMBER
Universal Decimal Classification number 657.312
Common auxiliary subdivision Tipo de presupuestos
100 1# - MAIN ENTRY--PERSONAL NAME
Personal name Evans, Edward C.
245 10 - TITLE STATEMENT
Title Planificación del ejercicio y control presupuestario
264 #1 - PRODUCTION, PUBLICATION, DISTRIBUTION, MANUFACTURE, AND COPYRIGHT NOTICE
Place of production, publication, distribution, manufacture Barcelona :
Name of producer, publisher, distributor, manufacturer Sagitario
Date of production, publication, distribution, manufacture, or copyright notice 1965
300 ## - PHYSICAL DESCRIPTION
Extent 97 p.
Dimensions 19 cm.
505 ## - FORMATTED CONTENTS NOTE
Formatted contents note 1. Introducción - 2. Previsión de la actividad de la empresa - 3. Estudios de mercados - 4. El ejercicio presupuestario - 5. Los presupuestos - 6. El presupuesto de ventas -7. El presupuesto de producción - 8. El presupuesto de tesorería - 9. Niveles de existencias - 10. Deudores y acreedores - 11. El presupuesto de inversiones - 12. El presupuesto o presupuestos de administración - 13. Distribución de los gastos generales - 14. Los presupuestos de investigación y desarrollo - 15. El presupuesto global - 16. El análisis a posteriori - 17. Presupuestos flexibles - 18. Fondo de maniobra - 19. Fuentes y distribución de los fondos - 20. Control presupuestario y coste standard - 21. El empleo de ratios en el control presupuestario - 22. Postdata.
590 ## - LOCAL NOTE (RLIN)
Local note niveau_biblio:m niveau_hierar:0
700 1# - ADDED ENTRY--PERSONAL NAME
Personal name Rovira Sánchez, José
700 1# - ADDED ENTRY--PERSONAL NAME
Personal name Camps Vehí, Pedro
942 ## - ADDED ENTRY ELEMENTS (KOHA)
Koha item type
Existencias
Withdrawn status Lost status Damaged status Not for loan Home library Current library Shelving location Date acquired Total checkouts Full call number Barcode Date last seen Price effective from Koha item type
        Biblioteca Prof. Eusebio Cleto del Rey Biblioteca Prof. Eusebio Cleto del Rey   07/04/2026   657.312 E92 L23924 07/04/2026 07/04/2026 Libro